000 00541nam a22001697a 4500
005 20251108171854.0
008 250721s1985 xx 000 0 ara d
082 1 4 _a621.388/محم
100 1 _aحسن، محمد وجيه
245 1 0 _aالأجزاء الكهروميكانيكية و الإصلاح في الفيديو كاسيت /
264 1 _aدمشق :
_bدار الكتاب العربي،
_c1985.
300 _a128ص
650 1 7 _aالتلفزيون
650 1 7 _aالفيديو كاسيت
942 _2ddc
_cBK
999 _c64809
_d64809